000 01155nam a22003737a 4500
001 031
003 DO-SdBNP
005 20180220133216.0
007 031
008 151005b 1991 sp 00| 0 spa d
020 _a8434827697
040 _aBPMSU
_bspa
_cBPMSU
092 _aXXXX
_bXXXX
100 1 _aChérisey, Thérésa de
240 _aProfessor Poopsnagle
_f1989
_leng
245 1 0 _aEl profesor Poopsnagle /
_cThérésa de Chérisey ; ilustración Federico Delicado ; traducción José Luis Cano-Manuel ; dirección de la colección Marinella Terzi
250 _a3a. ed.
260 _aMadrid :
_bEdiciones SM,
_c1991.
300 _a227 p. :
_bil. ;
_c19 cm.
490 1 _aEl barco de vapor
_v62
490 1 _aNaranja
500 _aA partir de 9 años
500 _aBasado en una idea original de Roger Mirams
521 1 _aA partir de los 9 años
700 1 2 _aDelicado, Federico
_eil.
700 1 2 _aCano-Manuel, José Luis
_etrad.
700 1 2 _aTerzi, Marinella
_edir. colección
830 0 _aBarco de vapor
_n62
830 0 _aNaranja
910 _a202
942 _2ddc
_cBK
945 _aInventariado, 2018 / BT
956 _aYngrid Lockward
999 _c8334
_d8334